| 000 | 00401 a2200145 4500 | ||
|---|---|---|---|
| 999 |
_c9353 _d9353 |
||
| 020 | _a0409049042 | ||
| 050 | _aKF8810PRE1997 | ||
| 100 | _aPretourius, JP | ||
| 245 |
_aCross examination in South African law / _cJP Pretourius |
||
| 264 |
_aDurban _bButterworth _c1997 |
||
| 300 | _a422p. | ||
| 500 | _aInclude index | ||
| 650 | _aCross examination---Law---South Africa | ||
| 942 |
_2lcc _cBK _h8810 _iPRE _kKF |
||